[Event "After GP Mladi"]
[Site "Olomouc"]
[Date "1997.??.??"]
[Round "9"]
[White "Mokry, Karel"]
[Black "Kalod, Radek"]
[Result "0-1"]
[WhiteElo "2500"]
[BlackElo "2430"]

1.e4 c5 2.Nf3 d6 3.d4 cxd4 4.Nxd4 Nf6 5.Nc3 a6 6.g3 e6 7.Bg2 Be7 8.O-O O-O
9.a4 Qc7 10.Be3 Nc6 11.Qe2 Rb8 12.h3 Re8 13.Rad1 Bd7 14.g4 Nxd4 15.Rxd4 Bc6
16.g5 Nd7 17.Nb5 axb5 18.axb5 d5 19.bxc6 bxc6 20.b3 e5 21.Rdd1 d4 22.Bc1 Nc5
23.f4 d3 24.cxd3 Nxb3 25.Be3 exf4 26.Bxf4 Bd6 27.Be3 c5 28.Qf2 Be5 29.Kh1 Rf8
30.Qc2 Nd4 31.Qc4 Ne6 32.h4 Rb4 33.Qc1 Bd4 34.Bd2 Bb2 35.Qb1 Bc3 36.Qc1 Bxd2
37.Qxd2 Nd4 38.Qe3 Rb2 39.Rf2 Rxf2 40.Qxf2 f6 41.Rf1 Qd6 42.gxf6 Rxf6 43.Qa2+ Qe6
44.Qa8+ Kf7 45.Rxf6+ Qxf6 46.Qd5+ Kg6 47.h5+ Kh6 48.Qxc5 Qh4+ 49.Kg1 Qe1+
50.Kh2 Qe3 51.Qd6+ Kxh5 52.Qg3 Qxg3+ 53.Kxg3 Kg5 54.Bh3 h5 55.e5 h4+ 56.Kf2 Nc6
57.Ke3 Nxe5 58.d4 Nf7 59.Ke4 Kf6 60.Kf4 g5+ 61.Ke4 Nd6+ 62.Kf3 Nb5 63.d5 Nd6
64.Kg4 Nf7 65.Kh5 Nd6 66.Kg4 Ne4 67.Bg2 Nf2+ 68.Kh5 h3 69.Bf1 h2 70.Bg2 h1=R+
71.Bxh1 Nxh1 72.d6 Ng3+ 73.Kg4 Nf5 74.d7 Nh6+  0-1

[Event "Ontario"]
[Site "Ontario"]
[Date "1997.??.??"]
[Round "7"]
[White "Ochkoos, Jura"]
[Black "Kiviaho, Bob"]
[Result "1-0"]
[WhiteElo "2255"]
[BlackElo "2180"]

1.e4 c5 2.Nf3 d6 3.d4 cxd4 4.Nxd4 Nf6 5.Nc3 a6 6.g3 Nc6 7.Bg2 Bg4 8.f3 Bd7
9.g4 h6 10.Be3 Ne5 11.b3 e6 12.h3 Be7 13.f4 Ng6 14.O-O Rc8 15.Nde2 b5 16.a3 Qc7
17.Qe1 O-O 18.g5 hxg5 19.fxg5 Nh7 20.h4 Ne5 21.Qg3 g6 22.Ra2 a5 23.Nd1 Qb7
24.Nf2 Rc7 25.c3 a4 26.b4 Rfc8 27.Bd4 Bf8 28.Bxe5 dxe5 29.Ng4 Bg7 30.Rd2 Bc6
31.Qe3 Rd7 32.Rfd1 Rcd8 33.Ng3 Rxd2 34.Rxd2 Rxd2 35.Qxd2 Qd7 36.Qxd7 Bxd7
37.Bf1 Kf8 38.c4 bxc4 39.Bxc4 Ke7 40.Nh2 Kd6 41.Kf2 Bf8 42.Ne2 Be7 43.Nc3 Bd8
44.Ke2 Bb6 45.Nf3 Bd4 46.Kd3 Bxc3 47.Kxc3 f6 48.Bd3 fxg5 49.hxg5 Nf8 50.Kc4 Bc6
51.b5 Bb7 52.Kb4 Nd7 53.Nd2 Nb6 54.Bc2 Ba8 55.Nc4+ Nxc4 56.Kxc4 Bb7 57.Kb4 Ba8
58.Ka5  1-0

[Event "CZE-ch U20"]
[Site "Prague"]
[Date "1997.??.??"]
[Round "2"]
[White "Simacek, Pavel"]
[Black "Jirovsky, Petr"]
[Result "0-1"]
[WhiteElo "2255"]
[BlackElo "2300"]

1.e4 c5 2.Nf3 d6 3.d4 cxd4 4.Nxd4 Nf6 5.Nc3 a6 6.g3 e6 7.Bg2 Be7 8.O-O O-O
9.a4 Qc7 10.a5 Nc6 11.Nb3 Ne5 12.Qe2 Bd7 13.Rd1 Rfd8 14.f4 Nc4 15.Bf1 Rac8
16.Rd4 b5 17.axb6 Qxb6 18.Kh1 Bb5 19.Nxb5 axb5 20.Rd1 d5 21.exd5 Nxd5 22.Nd4 Bf6
23.c3 b4 24.Ra4 Bxd4 25.Rxd4 Qc6 26.Rxc4 Qxa4 27.cxb4 Rxc4 28.Qxc4 Qxb4 29.Qxb4 Nxb4
30.Be3 Nc2 31.Ba7 Ra8 32.Bc5 Rb8 33.b4 Nxb4 34.Kg2 Nd5 35.Kf3 Rb3+ 36.Ke4 Rb2
37.h4 Rb3 38.Bf2 Nf6+  0-1

[Event "Robecchetto op"]
[Site "Robecchetto"]
[Date "1997.??.??"]
[Round "6"]
[White "Sgnaolin, Davide"]
[Black "Hitzgerova, Gabriela"]
[Result "1-0"]
[WhiteElo "2065"]
[BlackElo "2170"]

1.e4 c5 2.Nf3 d6 3.Nc3 Nf6 4.d4 cxd4 5.Nxd4 a6 6.g3 e6 7.Bg2 Be7 8.O-O O-O
9.a4 Qc7 10.h3 Bd7 11.Nb3 Nc6 12.f4 Nb4 13.Be3 Bc6 14.Nd4 Bd7 15.Nb3 Be8
16.a5 Nd7 17.Rf2 Nc6 18.Na4 Rd8 19.Rd2 f6 20.Nb6 Nc5 21.Nxc5 dxc5 22.Rxd8 Nxd8
23.Qg4 f5 24.exf5 Rxf5 25.Qe2 Bc6 26.Rd1 Bb5 27.c4 Bc6 28.Rd3 Bd6 29.Bd2 Rf7
30.Bc3 Re7 31.Rxd6 Bxg2 32.Be5 Nf7 33.Rd7 Qxd7 34.Nxd7 Rxd7 35.Kxg2 Nh6 36.Bc3 Rf7
37.g4  1-0

[Event "Texas-ch"]
[Site "San Antonio"]
[Date "1997.??.??"]
[Round "1"]
[White "Patton, Thomas"]
[Black "Unalmis, Omer Haldun"]
[Result "0-1"]
[WhiteElo "2159"]
[BlackElo "2378"]

1.e4 c5 2.Nf3 d6 3.d4 cxd4 4.Nxd4 Nf6 5.Nc3 a6 6.g3 b5 7.Bg2 Bb7 8.O-O e6
9.Qe2 Qc7 10.Re1 Nbd7 11.Bd2 Be7 12.a4 bxa4 13.Nxa4 O-O 14.c4 Rfe8 15.b3 Bf8
16.Bc3 Ne5 17.f4 Ng6 18.h4 e5 19.Nc2 exf4 20.Bxf6 fxg3 21.Qg4 h5 22.Qxg3 gxf6
23.Nd4 Qa5 24.c5 dxc5 25.Nf5 Rad8 26.Nb2 Qd2 27.Nc4 Qf4 28.Rf1 Qxg3 29.Nxg3 Nxh4
30.Nxh5 Bg7 31.Rf4 Ng6 32.Nxg7 Kxg7 33.Rg4 Rd4 34.Rf1 Bxe4 35.Nd6 Rxd6 36.Bxe4 Rd4
37.Rff4 f5  0-1

[Event "EU-ch U18"]
[Site "Tallinn"]
[Date "1997.??.??"]
[Round "1"]
[White "Lopez Moll, Jose Manuel"]
[Black "Ribshtein, Nati"]
[Result "1-0"]
[WhiteElo "2155"]
[BlackElo "2335"]

1.e4 c5 2.Nf3 d6 3.d4 cxd4 4.Nxd4 Nf6 5.Nc3 a6 6.g3 e5 7.Nde2 Be7 8.Bg2 O-O
9.O-O Nbd7 10.a4 b6 11.h3 Bb7 12.g4 b5 13.Ng3 b4 14.Nd5 Nxd5 15.exd5 Re8
16.Be3 Qa5 17.Qd2 Nb6 18.Bxb6 Qxb6 19.a5 Qb5 20.Rfd1 Rac8 21.Be4 Qc4 22.Ra4 Ba8
23.Rxb4 Qc5 24.Ra4 Qb5 25.b3 Rc5 26.Nf5 Bf8 27.Ne3 g6 28.Nc4 Be7 29.Nb6 Rf8
30.Bd3 Qe8 31.Bxa6 f5 32.Qe2 Rc3 33.Rd3 Rxd3 34.Bxd3 e4 35.Bxe4 Bh4 36.Bf3 Qxe2
37.Bxe2 fxg4 38.Bxg4 Bxf2+ 39.Kg2 Bxb6 40.Be6+ Kg7 41.axb6 Kf6 42.Kf3 Bb7
43.c4  1-0

[Event "EU-ch U18"]
[Site "Tallinn"]
[Date "1997.??.??"]
[Round "6"]
[White "Bucher, Denis"]
[Black "Einvik, Gunnar"]
[Result "0-1"]
[WhiteElo "2060"]
[BlackElo "2190"]

1.e4 c5 2.Nf3 d6 3.d4 cxd4 4.Nxd4 Nf6 5.Nc3 a6 6.g3 e6 7.Bg2 Be7 8.O-O O-O
9.b3 Qc7 10.Bb2 Nc6 11.Nce2 Rd8 12.Rc1 d5 13.exd5 Nxd5 14.c4 Nf6 15.Qc2 Nb4
16.Qb1 e5 17.Nf5 Bc5 18.Ne3 Bxe3 19.fxe3 Ng4 20.Rc3 Qc5 21.a3 Nc6 22.b4 Qd6
23.h3 Nh6 24.Kh2 Ne7 25.Rcc1 Bf5 26.e4 Bg6 27.Qa1 f6 28.Rfd1 Qc6 29.Qa2 Bxe4
30.b5 Qc5 31.Bxe4 Qf2+ 32.Bg2 Qxe2 33.Re1 Qh5 34.Bc3 axb5 35.Bxb7 Rab8 36.cxb5+ Kh8
37.Qg2 e4 38.Ba6 Ng4+ 39.Kh1 e3 40.Ba5 Nf2+ 41.Kh2 Re8 42.Bc7 Ra8 43.Rc4 Nd5
44.Ba5 Qf5 45.Rc5 Ne4 46.Rcc1 Nf2 47.Re2 Qd3 48.Rce1 h6 49.Qf3 Re5 50.Bb4 Rd8
51.Bc5 Rf5 52.Qg2 Rh5 53.h4 Nf4 54.Rxe3 Nxg2 55.Rxd3 Nxd3 56.Be7 Ngxe1 57.Bxd8 Nc5
58.Bc8 Nc2 59.b6 Nxa3 60.b7 Na6 61.Bc7 Rb5 62.Bf4 Kg8 63.Be6+ Kh8 64.Bc8 g5
65.hxg5 hxg5  0-1

[Event "EU-ch U16"]
[Site "Tallinn"]
[Date "1997.??.??"]
[Round "7"]
[White "Olsson, Anders"]
[Black "Kokorev, Dmitry"]
[Result "1-0"]
[WhiteElo "2280"]
[BlackElo "2310"]

1.e4 c5 2.Nf3 d6 3.d4 cxd4 4.Nxd4 Nf6 5.Nc3 a6 6.g3 e5 7.Nb3 Be7 8.Bg2 O-O
9.O-O Be6 10.Nd5 Nxd5 11.exd5 Bf5 12.a4 Nd7 13.a5 Bg6 14.c3 Qc7 15.Be3 Rae8
16.Qd2 Qc4 17.Ra3 Nf6 18.Rd1 Be4 19.Bxe4 Qxe4 20.h3 Qg6 21.Ra4 Ne4 22.Qd3 f5
23.Kh2 Qh5 24.Rg1 Bg5 25.Bb6 Rf6 26.Qd1 Qh6 27.f3 Nd2 28.Nxd2 Bxd2 29.Qe2 Rff8
30.Rh4 Qg5 31.Kh1 Bc1 32.Qf2 f4 33.gxf4 Qf5 34.Rxc1 exf4 35.Rg1 Qxd5 36.Bd4 Re7
37.Rhg4 g6 38.Rg5 Rf5 39.Rxf5 Qxf5 40.Qh4 Re8 41.b4 Qe6 42.Kh2  1-0

[Event "JUG Cup"]
[Site "Ulcinj"]
[Date "1997.??.??"]
[Round "?"]
[White "Popovic, Petar"]
[Black "Arsovic, Goran"]
[Result "1/2-1/2"]
[WhiteElo "2545"]
[BlackElo "2540"]

1.e4 c5 2.Nf3 d6 3.d4 cxd4 4.Nxd4 Nf6 5.Nc3 a6 6.g3 e5 7.Nde2 Nbd7 8.a4 b6
9.Bg2 Bb7 10.h3 Be7 11.g4 O-O 12.Ng3 Nc5 13.O-O Rc8 14.f4 exf4 15.Bxf4 b5
16.axb5 axb5 17.g5 Ne8 18.h4 g6 19.Be3 Ra8 20.Rxa8 Qxa8 21.Nd5 Bxd5 22.exd5 Qc8
23.Qe2 Qd7 24.Kh2 f5 25.b4 Na4 26.c4 Nc7 27.Bf4 Re8 28.Qc2 Bf8 29.cxb5 Nb6
30.Qc6 Rb8 31.Ra1 Nxb5 32.Ra6 Nd4 33.Qxd7 Nxd7 34.Bxd6 Bxd6 35.Rxd6 Ne5 36.Ra6  1/2-1/2

[Event "JUG Cup"]
[Site "Ulcinj"]
[Date "1997.??.??"]
[Round "?"]
[White "Popovic, Petar"]
[Black "Narandzic, Vlado"]
[Result "1/2-1/2"]
[WhiteElo "2545"]
[BlackElo "2390"]

1.e4 c5 2.Nf3 d6 3.d4 cxd4 4.Nxd4 Nf6 5.Nc3 a6 6.g3 e5 7.Nde2 Be6 8.Bg2 Nbd7
9.a4 Be7 10.O-O O-O 11.h3 Rc8 12.b3 Re8 13.Be3 Qc7 14.a5 Bf8 15.Ra2 Nc5 16.Bg5 Nfd7
17.Nd5 Bxd5 18.exd5 f5 19.c4 h6 20.Be3 Nf6 21.Qb1 g6 22.b4 Ncd7 23.Rc1 e4
24.Nf4 Ne5 25.Ne6 Qf7 26.Qb3 Nd3 27.Rd1 Nd7 28.f4 exf3 29.Bxf3 N3e5 30.Be2 Nf6
31.Rf1 Ne4 32.Kh2 Kh7 33.Bd4 Qf6 34.Qe3 Bg7 35.Bd3 Ng5 36.Bxe5 Qxe5 37.Qxe5 Bxe5
38.Nf4 Bxf4 39.Rxf4 Re3 40.Bf1 Nf3+ 41.Kg2 Ne5 42.Rb2 Rc7 43.c5 Nd3 44.Bxd3 Rxd3
45.cxd6 Rd7 46.Re2 Rxd5 47.Re7+ Rxe7 48.dxe7 Re5 49.Rd4 Rxe7 50.Rd6 Kg7 51.Rb6  1/2-1/2

[Event "JUG Cup"]
[Site "Ulcinj"]
[Date "1997.??.??"]
[Round "?"]
[White "Matulovic, Milan"]
[Black "Paunovic, Tomislav"]
[Result "1/2-1/2"]
[WhiteElo "2440"]
[BlackElo "2365"]

1.e4 c5 2.Nf3 d6 3.d4 cxd4 4.Nxd4 Nf6 5.Nc3 a6 6.g3 e5 7.Nde2 Nbd7 8.a4 b6
9.Bg2 Bb7 10.h3 Be7 11.g4 Nc5 12.Ng3 O-O 13.Be3 g6 14.h4 Re8 15.g5 Nfd7 16.Nd5 Bf8
17.h5 Bg7 18.hxg6 hxg6  1/2-1/2

[Event "Clarin GP op"]
[Site "Villa Martelli"]
[Date "1997.??.??"]
[Round "8"]
[White "Rodriguez, Andres URU"]
[Black "Quinteros, Miguel A"]
[Result "1-0"]
[WhiteElo "2495"]
[BlackElo "2505"]

1.e4 c5 2.Nf3 d6 3.d4 cxd4 4.Nxd4 Nf6 5.Nc3 a6 6.g3 e5 7.Nde2 b5 8.Bg2 Bb7
9.h3 Nbd7 10.g4 Rc8 11.O-O Rc4 12.Ng3 b4 13.Nd5 Nxd5 14.exd5 Qc7 15.Bd2 Nb6
16.Be3 Nd7 17.Qd2 Be7 18.b3 Rc3 19.Rfc1 O-O 20.Ne4 Nf6 21.Nxc3 bxc3 22.Qd3 Qa5
23.b4 Qa3 24.Rab1 Rc8 25.g5 e4 26.Bxe4 Nxe4 27.Qxe4 Bf8 28.b5 axb5 29.Rxb5 Qa8
30.Rcb1 Re8 31.Qd4 Ba6 32.Ra5 Qc8 33.Qg4 Qxg4+ 34.hxg4 Be2 35.Rb4 Rc8 36.Re4 Bd1  1-0

[Event "Villa Martelli"]
[Site "Villa Martelli"]
[Date "1997.??.??"]
[Round "9"]
[White "Ginzburg, Maximiliano"]
[Black "Sutovskij, Emil"]
[Result "0-1"]
[WhiteElo "2450"]
[BlackElo "2560"]

1.e4 c5 2.Nf3 d6 3.d4 cxd4 4.Nxd4 Nf6 5.Nc3 a6 6.g3 e5 7.Nde2 Nbd7 8.a4 b6
9.Bg2 Bb7 10.h3 Rc8 11.g4 Nc5 12.Ng3 g6 13.O-O Ne6 14.Nd5 Bg7 15.Be3 Nxd5
16.exd5 Nf4 17.c3 O-O 18.Qd2 Rc4 19.b3 Rc8 20.Rac1 b5 21.axb5 axb5 22.Bxf4 exf4
23.Qxf4 Rxc3 24.Rxc3 Bxc3 25.Ne4 Be5 26.Qh6 Bg7 27.Qd2 Qb6 28.Rd1 f5 29.gxf5 Rxf5
30.Qb4 Be5 31.Rd3 Kg7 32.Qd2 Qd8 33.Rf3 Bc8 34.Rxf5 Bxf5 35.Ng5 Qf6 36.Ne6+ Bxe6
37.dxe6 Qxe6 38.Qd3 b4 39.Bd5 Qf6 40.Kf1 Bf4 41.Bc4 h5 42.Qf3 Kh6 43.Kg2 Kg5
44.Qe4 Be5 45.Bd3 Bd4 46.f4+ Kh6 47.Kf3 Bc5 48.Kg3 Qh4+  0-1

[Event "Zagorovsky mem"]
[Site "Voronezh"]
[Date "1997.??.??"]
[Round "?"]
[White "Zhukhovitsky, Samuel"]
[Black "Toprover, Viktor G"]
[Result "1/2-1/2"]
[WhiteElo "2370"]
[BlackElo "2330"]

1.e4 c5 2.Nf3 d6 3.Nc3 Nf6 4.d4 cxd4 5.Nxd4 a6 6.g3 e6 7.Bg2 Be7 8.O-O O-O
9.Be3 Qc7 10.Qe2 Nc6 11.f4 Bd7 12.Nb3 b5 13.a3 Rab8 14.g4 b4 15.axb4 Nxb4
16.Bf3 d5 17.e5 Ne4 18.Bxe4 dxe4 19.Nd4 Nc6 20.Nb3 Nb4 21.Nd4 Nc6  1/2-1/2

[Event "Warsaw-ch"]
[Site "Warsaw"]
[Date "1997.??.??"]
[Round "6"]
[White "Deszczynski, Adam"]
[Black "Przedmojski, Rafal"]
[Result "1/2-1/2"]
[WhiteElo "2295"]
[BlackElo "2335"]

1.e4 c5 2.Nf3 d6 3.d4 cxd4 4.Nxd4 Nf6 5.Nc3 a6 6.g3 e5 7.Nde2 Be7 8.Bg2 O-O
9.O-O Nbd7 10.h3 b5 11.a4 Bb7 12.axb5 axb5 13.Rxa8 Qxa8 14.Nxb5 Nxe4 15.f3 Ba6
16.c4 Bxb5 17.cxb5 Nef6 18.f4 e4 19.g4 Nb6 20.Be3 Nc4 21.Bd4 d5 22.b3 Na3
23.Nc3 Rd8 24.g5 Ne8 25.Qd2 Qb7 26.b6 Bb4 27.Qf2 Qc6 28.Rc1 Be7 29.Bf1 Nd6
30.Na2 Qe8 31.Nb4 e3 32.Qb2 Nab5 33.Nc6 Nxd4 34.Qxd4 Rc8 35.Nxe7+ Qxe7 36.Rxc8+ Nxc8
37.Qxd5 Nxb6 38.Qc6 Nd7 39.Be2 Nf8 40.Kg2 Qb4 41.Kf3 Qxb3 42.Qe4 g6 43.Qxe3 Qc2
44.Qe4 Qc1 45.Qe3 Qc8 46.Kg3 Qc2 47.Bg4  1/2-1/2

[Event "VAM Hoogeveen op"]
[Site "Wijk aan Zee"]
[Date "1997.??.??"]
[Round "1"]
[White "Tindall, Brett"]
[Black "Bosboom, Manuel"]
[Result "0-1"]
[WhiteElo "2190"]
[BlackElo "2430"]

1.e4 c5 2.Nf3 d6 3.d4 cxd4 4.Nxd4 Nf6 5.Nc3 a6 6.g3 e6 7.Bg2 Be7 8.O-O Qc7
9.a4 Nc6 10.Kh1 O-O 11.f4 Rd8 12.Be3 Na5 13.Bg1 g6 14.f5 Nc4 15.fxe6 fxe6
16.Bh3 Nxb2 17.Qf3 Kh8 18.Nxe6 Bxe6 19.Bxe6 Nc4 20.Bd4 Ne5 21.Qe3 Rf8 22.Rab1 Rae8
23.Qh6 Ng8 24.Qh3 Rxf1+ 25.Rxf1 Rf8 26.Rf4 Nf6 27.Qf1 Kg7 28.Kg2 Qd8 29.Nd5 Nxd5
30.Bxd5 Bf6 31.Bxb7 Qc7 32.Bxa6 Qxc2+ 33.Be2 Qxa4 34.Qa1 Qxa1 35.Bxa1 Nd7
36.Bxf6+ Nxf6 37.Kf3 Rc8 38.Ke3 Rc3+ 39.Kd2 Ra3 40.Bd3 Kf7 41.Rf1 Ra2+ 42.Bc2 Ke6
43.Kc3 Ke5 44.Rb1 Nxe4+ 45.Bxe4 Kxe4 46.Rb4+ Ke3 47.Rh4 Ra7 48.Kc4 Ra4+ 49.Kd5 Rxh4
50.gxh4 Kf3 51.h5 g5 52.Kxd6 Kg2 53.Ke6 Kxh2 54.Kf6 g4 55.Kg7 g3 56.Kxh7 g2
57.h6 g1=Q 58.Kh8 Qc5  0-1

[Event "Zadar op (Women)"]
[Site "Zadar"]
[Date "1997.??.??"]
[Round "7"]
[White "Paraminski, Albina"]
[Black "Sulc, Gordana"]
[Result "1-0"]
[WhiteElo "2170"]
[BlackElo "2020"]

1.e4 c5 2.Nf3 d6 3.d4 cxd4 4.Nxd4 Nf6 5.Nc3 a6 6.g3 e5 7.Nde2 Be7 8.Bg2 Nbd7
9.O-O b5 10.h3 Bb7 11.Be3 O-O 12.g4 b4 13.Nd5 Nxd5 14.exd5 Nb6 15.b3 Rc8
16.Qd2 a5 17.a3 Ba6 18.axb4 Bxe2 19.Qxe2 axb4 20.Ra7 Bg5 21.Bxg5 Qxg5 22.Qa6 Qd8
23.Rb7 Rb8 24.Rxb8 Qxb8 25.Qb5 Na8 26.Qa5 Rc8 27.Ra1 h6 28.Ra4 Qc7 29.Qxc7 Nxc7
30.Rxb4 Ne8 31.c4 Kf8 32.Ra4 g6 33.Be4 Nf6 34.f3 Nd7 35.Kf2 Nc5 36.Ra3 Rb8
37.Bc2 Ke7 38.Ke3 Kf6 39.h4 Ke7 40.Kd2 Nd7 41.Kc3 Rb7 42.Ra8 Rb8 43.Ra7 Ke8
44.b4 Nb6 45.Ba4+ Nxa4+ 46.Rxa4 f5 47.gxf5 gxf5 48.Ra7 e4 49.fxe4 fxe4 50.Rh7  1-0

[Event "Zagreb op"]
[Site "Zagreb"]
[Date "1998.01.07"]
[Round "5"]
[White "Kosanski, Stanko"]
[Black "Sevo, Igor"]
[Result "1/2-1/2"]
[WhiteElo "2365"]
[BlackElo "2150"]

1.e4 c5 2.Nc3 d6 3.Nf3 Nf6 4.d4 cxd4 5.Nxd4 a6 6.g3 e5 7.Nde2 Nbd7 8.Bg2 b5
9.O-O Bb7 10.a4 b4 11.Nd5 Bxd5 12.exd5 Be7 13.a5 Qc7 14.Bd2 Rb8 15.Ra4 Qc5
16.Be3 Qb5 17.b3 O-O 18.Nc1 Nc5 19.Bxc5 Qxc5 20.Qd2 e4 21.Re1 h6 22.Na2 Nxd5
23.Bxe4 Nc7 24.Rd1 d5 25.Bf3 Rfd8 26.Nc1 Bg5 27.Nd3 Qc6 28.Qe2 Re8 29.Qf1 Qxc2
30.Rxb4 Rxb4 31.Nxb4 Qxb3 32.Nxd5 Qxf3 33.Nxc7 Re2 34.Re1 Rc2 35.Nxa6 g6
36.Nb4 Rb2 37.Nd3 Ra2 38.Ra1 Rxa1 39.Qxa1 Qxd3 40.a6 Be3 41.a7 Bxa7 42.Qxa7 Qd1+
43.Kg2 Qd5+ 44.f3 Qe5  1/2-1/2

[Event "CZE-chT 9798"]
[Site "CZE"]
[Date "1998.02.07"]
[Round "6"]
[White "Velicka, Petr"]
[Black "Schula, Michal"]
[Result "1-0"]
[WhiteElo "2430"]
[BlackElo "2290"]

1.e4 c5 2.Nf3 d6 3.d4 cxd4 4.Nxd4 Nf6 5.Nc3 a6 6.g3 Nc6 7.Bg2 Qc7 8.O-O Bd7
9.Nxc6 bxc6 10.Na4 e6 11.c4 Rd8 12.Be3 c5 13.Nc3 Be7 14.g4 Bc6 15.g5 Nd7
16.f4 Nb6 17.b3 O-O 18.Qh5 g6 19.Qh3 Bd7 20.Qg3 f5 21.gxf6 Bxf6 22.e5 dxe5
23.Ne4 Bg7 24.Rae1 Bc6 25.Nxc5 exf4 26.Rxf4 Rxf4 27.Nxe6 Qc8 28.Bxf4 Bd4+
29.Be3 Bc3 30.Nxd8 Bxe1 31.Qxe1 Bxg2 32.Bxb6  1-0

[Event "CZE-chT 9798"]
[Site "CZE"]
[Date "1998.02.07"]
[Round "6"]
[White "Nun, Jiri"]
[Black "Kalod, Radek"]
[Result "0-1"]
[WhiteElo "2375"]
[BlackElo "2450"]

1.e4 c5 2.Nf3 d6 3.d4 cxd4 4.Nxd4 Nf6 5.Nc3 a6 6.g3 e6 7.Bg2 Be7 8.O-O O-O
9.a4 Qc7 10.Be3 Nc6 11.Nxc6 bxc6 12.f4 Rb8 13.b3 Re8 14.Kh1 Bf8 15.g4 d5
16.g5 Nxe4 17.Nxe4 dxe4 18.Bxe4 c5 19.Qe2 Rb4 20.Bg2 Bb7 21.Bxb7 Qxb7+ 22.Qg2 Qc7
23.Bd2 Rd4 24.Be3 Rb4 25.Bd2 Rd4 26.Be3 Rd5 27.Rad1 Qd7 28.Qe2 g6 29.Rde1 Qc6
30.Kg1 Rb8 31.Rf3 Bg7 32.Rh3 Rbd8 33.Qg4 c4 34.Qh4 cxb3 35.cxb3 Rd1 36.Qxh7+ Kf8
37.Qh4 Qc2 38.Bf2 R8d2 39.Rxd1 Qxd1+ 40.Kg2 Bd4 41.Rf3 Qe2 42.Qg3 a5 43.h4 Kg7
44.Kg1 Qe1+ 45.Kg2 Kh7 46.h5 gxh5 47.f5 Rxf2+ 48.Rxf2 Qxf2+ 49.Qxf2 Bxf2
50.Kxf2 exf5 51.b4 axb4 52.a5 b3 53.a6 b2 54.a7 b1=Q 55.a8=Q Qc2+ 56.Kg3 Qd3+
57.Kf4 Qe4+ 58.Qxe4 fxe4 59.Kxe4 Kg6 60.Kf4 h4 61.Kg4 h3 62.Kxh3 Kxg5 63.Kg3 Kf5
64.Kf3 f6  0-1

[Event "Malaga op"]
[Site "Malaga"]
[Date "1998.02.15"]
[Round "3"]
[White "Paz Ladron de Guevara, Daniel"]
[Black "Kolev, Atanas"]
[Result "0-1"]
[WhiteElo "2265"]
[BlackElo "2540"]

1.e4 c5 2.Nf3 d6 3.d4 cxd4 4.Nxd4 Nf6 5.Nc3 a6 6.g3 e5 7.Nde2 Nbd7 8.a4 b6
9.Bg2 Bb7 10.h3 Be7 11.g4 Nc5 12.Ng3 g6 13.O-O Ne6 14.Nd5 Rc8 15.Be3 Nxd5
16.exd5 Nf4 17.Bxf4 exf4 18.Ne2 h5 19.Nxf4 hxg4 20.Qxg4 Qd7 21.Qxd7+ Kxd7
22.c3 Rh4 23.Ne2 Bf6 24.Rfd1 a5 25.Bf3 Be5 26.Kg2 f5 27.Ng1 g5 28.Be2 g4
29.Bb5+ Kc7 30.hxg4 fxg4 31.Be2 Rf8  0-1

[Event "Masters"]
[Site "Bunratty"]
[Date "1998.02.23"]
[Round "5"]
[White "Heidenfeld, Mark"]
[Black "Gormally, Daniel"]
[Result "1/2-1/2"]
[WhiteElo "2325"]
[BlackElo "2415"]

1.e4 c5 2.Nf3 d6 3.d4 cxd4 4.Nxd4 Nf6 5.Nc3 a6 6.g3 e5 7.Nde2 Be7 8.Bg2 O-O
9.O-O b5 10.a4 Bb7 11.axb5 axb5 12.Rxa8 Bxa8 13.Bg5 Nbd7 14.Nxb5 Nxe4 15.Bxe7 Qxe7
16.c4 Nb6 17.f3 Nxc4 18.fxe4 d5 19.Rf2 Qc5 20.Na3 Nxa3 21.bxa3 dxe4 22.Qc1 Qb6
23.Qc4 Qb1+ 24.Rf1 Qd3 25.Qxd3 exd3 26.Nc1 e4 27.Rd1 Rc8 28.Nxd3 exd3 29.Bxa8 Rxa8
30.Rxd3 h5 31.Kf2 g5 32.Ke3 Ra4 33.Kd2 h4 34.Kc2 hxg3 35.hxg3 Kg7 36.Kb3 Ra8
37.Rd5 Kg6 38.g4 Rb8+ 39.Kc4 Ra8 40.Kb4 Rb8+ 41.Kc4  1/2-1/2

[Event "AUT-chT2O 9798"]
[Site "Austria"]
[Date "1998.03.11"]
[Round "11"]
[White "Heidenfeld, Mark"]
[Black "Stummer, Walter"]
[Result "1-0"]
[WhiteElo "2320"]
[BlackElo "2135"]

1.e4 c5 2.Nf3 d6 3.d4 cxd4 4.Nxd4 Nf6 5.Nc3 a6 6.g3 e6 7.Bg2 Be7 8.O-O Nc6
9.Nxc6 bxc6 10.e5 Nd5 11.exd6 Qxd6 12.Ne4 Qd7 13.c4 Nf6 14.Qa4 Nxe4 15.Bxe4 Bb7
16.Rd1 Qc7 17.Bf4 Qb6 18.Rd3 Rc8 19.Rad1 Ba8 20.Rb3 Qa7 21.Qa5 Qc5 22.Qxa6 O-O
23.Rd7 Rcd8 24.Rbd3 Rxd7 25.Rxd7 Qb4 26.Kg2 Bc5 27.Bf3 Qxb2 28.Rd2 Qc3 29.Re2 Qb4
30.Bxc6 Bxc6+ 31.Qxc6 Qxc4 32.Re5  1-0

[Event "Clarin GP f"]
[Site "Villa Gisell"]
[Date "1998.03.11"]
[Round "5"]
[White "Rodriguez, Andres URU"]
[Black "Sunye Neto, Jaime"]
[Result "1/2-1/2"]
[WhiteElo "2475"]
[BlackElo "2515"]

1.e4 c5 2.Nf3 d6 3.d4 cxd4 4.Nxd4 Nf6 5.Nc3 a6 6.g3 g6 7.Bg2 Bg7 8.a4 O-O
9.h3 Nc6 10.Be3 Na5 11.O-O Bd7 12.Qe2 Qc7 13.Rfd1 e6 14.Kh2 Rab8 15.f4 Nc4
16.Bc1 e5 17.fxe5 Nxe5 18.Bg5 Be6 19.Qf1 Bc4 20.Nce2 Ne8 21.Rac1 h6 22.Bf4 Nf6
23.Qe1 b5 24.axb5 axb5 25.b3 Be6 26.Nc3 Bd7 27.Na2 Rfe8 28.Nb4 Rbc8 29.Qd2 Qc5
30.Nd5 Nxd5 31.exd5 g5 32.Be3 Qc7 33.Re1 Re7 34.Qb4 Rce8 35.Bg1 g4 36.h4 Nf3+
37.Nxf3 gxf3 38.Rxe7 Rxe7 39.Bxf3 Bb2 40.Rf1 Qxc2+ 41.Rf2 Qf5 42.Bg2 Qe5  1/2-1/2

[Event "POL-ch"]
[Site "Ksiaz"]
[Date "1998.03.19"]
[Round "7"]
[White "Hnydiuk, Aleksander"]
[Black "Kuczynski, Robert"]
[Result "0-1"]
[WhiteElo "2355"]
[BlackElo "2485"]

1.e4 c5 2.Nf3 d6 3.d4 cxd4 4.Nxd4 Nf6 5.Nc3 a6 6.g3 e5 7.Nde2 Be7 8.Bg2 Be6
9.h3 h5 10.Be3 Nbd7 11.O-O Rc8 12.f4 Bc4 13.Nd5 Nxd5 14.exd5 h4 15.gxh4 Rxh4
16.b3 Bxe2 17.Qxe2 Kf8 18.c4 Kg8 19.fxe5 Nxe5 20.c5 dxc5 21.Bf2 Bd6 22.Bxh4 Qxh4
23.Rae1 c4 24.bxc4 Qg3 25.Rf5 Nd3 26.Rd1 Qh2+ 27.Kf1 Bc5 28.Qe4 Nb2 29.Rb1 Nxc4
30.Rf2 Bxf2 31.Kxf2 b5 32.Rc1 Rf8 33.Re1 Qd6 34.Qe7 Qb6+ 35.Kf1 Qd4 36.Re2 Qd1+
37.Kf2 Qd4+ 38.Kg3 g6 39.Qe4 Qc5 40.Kh2 Qd6+ 41.Kh1 Qf6 42.Qe7 Kg7 43.Re6 Qxe7
44.Rxe7 Rd8 45.Kg1 Rd6 46.Kf2 Kf6 47.Ra7 Ke5 48.Re7+ Kd4 49.Rxf7 Nb6 50.Rf4+ Kc3
51.Rg4 Nxd5 52.Bxd5 Rxd5 53.Rxg6 Rd2+ 54.Kg3 Rxa2 55.h4 a5 56.h5 Rd2 57.h6 Rd7
58.Rg7 Rd6 59.h7 Rh6 60.Kg2 Kc2 61.Rf7 b4 62.Rf2+ Kb1 63.Rf1+ Ka2 64.Rh1 Rxh7
65.Rxh7 a4 66.Rh4 Ka3 67.Kf2 b3 68.Ke3 b2 69.Rh1 Ka2 70.Rh2 Ka1 71.Rh4 a3  0-1

[Event "Budapest FS04 IM"]
[Site "Budapest"]
[Date "1998.04.08"]
[Round "5"]
[White "Kahn, Evarth"]
[Black "Hagesaether, Halvard"]
[Result "1-0"]
[WhiteElo "2330"]
[BlackElo "2215"]

1.e4 c5 2.Nf3 d6 3.d4 Nf6 4.Nc3 cxd4 5.Nxd4 a6 6.g3 g6 7.f3 Bg7 8.Be3 O-O
9.Qd2 Nc6 10.O-O-O d5 11.Nxc6 bxc6 12.exd5 cxd5 13.Bd4 Bb7 14.Bg2 Qc7 15.f4 Qc4
16.b3 Qc7 17.Be5 Qc5 18.Qd4 Qa3+ 19.Kb1 Rac8 20.Rhe1 Rfd8 21.Na4 Bf8 22.Qb6 Ba8
23.Bb2 Qd6 24.Qxd6 Rxd6 25.Be5 Rdc6 26.c4 Bg7 27.Bxd5 Nxd5 28.cxd5 Rc2 29.Nb6 Bxe5
30.fxe5 R8c5 31.Nxa8 Rxh2 32.Nb6 Rcc2 33.Nc4 Kf8 34.d6 Ke8 35.e6 f5 36.d7+ Kd8
37.Rh1  1-0

[Event "Frohnleiten"]
[Site "Frohnleiten"]
[Date "1998.04.09"]
[Round "7"]
[White "Kosanski, Stanko"]
[Black "Freitag, Manfred"]
[Result "1/2-1/2"]
[WhiteElo "2365"]
[BlackElo "2385"]

1.e4 c5 2.Nf3 d6 3.d4 cxd4 4.Nxd4 Nf6 5.Nc3 a6 6.g3 e5 7.Nde2 b5 8.Bg2 Bb7
9.O-O Nbd7 10.Nd5 Nxd5 11.exd5 Be7 12.a4 O-O 13.Be3 Qc7 14.Qd2 Rfb8 15.Rfc1 Nb6
16.axb5 axb5 17.Rxa8 Rxa8 18.b3 Bd8 19.h4 b4 20.c4 bxc3 21.Nxc3 Qd7 22.Kh2 f5
23.Bh3 Rc8 24.Qd3 g6 25.h5 Qf7 26.Rd1 Nd7 27.Nb5 Be7 28.Na7 Rc7 29.Qb5 Nf6
30.Nc6 Nxd5 31.Rxd5 Bxc6 32.Qb8+ Qf8 33.Qxc7 Bxd5 34.b4 f4 35.gxf4 Qf6 36.Qc2 gxh5
37.b5 Qh4 38.Qc8+ Kg7 39.Qf5 Bf3 40.Kg1 Bg4 41.Bxg4 Qxg4+ 42.Qxg4+ hxg4 43.b6 Bd8
44.fxe5 dxe5 45.b7 Bc7 46.Ba7 h5 47.b8=Q Bxb8 48.Bxb8 Kf6 49.Bc7 Kf5 50.Bd8 Kf4
51.Kg2 e4 52.Bc7+ Kg5 53.Bd6 h4 54.Be7+ Kh5 55.Bf8 g3 56.fxg3 hxg3 57.Kxg3 e3
58.Kf3 e2 59.Kxe2  1/2-1/2

[Event "Neckar op 2nd"]
[Site "Deizisau"]
[Date "1998.04.10"]
[Round "6"]
[White "Kekelidze, Mikheil"]
[Black "Gutman, Lev"]
[Result "1-0"]
[WhiteElo "2405"]
[BlackElo "2475"]

1.e4 c5 2.Nf3 d6 3.d4 cxd4 4.Nxd4 Nf6 5.Nc3 a6 6.g3 Bg4 7.f3 Bd7 8.g4 Bc6
9.g5 Nfd7 10.Be3 Qa5 11.Bc4 Ne5 12.Bb3 Nbd7 13.f4 Ng6 14.Qg4 Nc5 15.Nxc6 bxc6
16.O-O-O e6 17.Bxc5 Qxc5 18.f5 Ne5 19.Qh3 Be7 20.Rhg1 exf5 21.exf5 d5 22.f6 gxf6
23.gxf6 Bd6 24.Rge1 h6 25.Nxd5 cxd5 26.Rxd5 Qc7 27.Qg4 h5 28.Rexe5+  1-0

[Event "Dreifluesse op"]
[Site "Passau"]
[Date "1998.04.10"]
[Round "2"]
[White "Hoepfl, Thomas"]
[Black "Liebold, Thomas"]
[Result "1-0"]
[WhiteElo "2215"]
[BlackElo "1920"]

1.e4 c5 2.Nf3 d6 3.d4 cxd4 4.Nxd4 Nf6 5.Nc3 a6 6.g3 e5 7.Nde2 Nbd7 8.Bg2 Be7
9.O-O b5 10.h3 Bb7 11.g4 b4 12.Nd5 Nxd5 13.exd5 O-O 14.Ng3 Rc8 15.Nf5 Re8
16.Bd2 Qb6 17.Be3 Qc7 18.Qd2 a5 19.Rfc1 Nc5 20.a3 Qb6 21.axb4 axb4 22.Ra4 b3
23.Rb4 Qa5 24.c3 Ba6 25.Bxc5 Qxc5 26.Ra1 Bc4 27.Raa4 g6 28.Nxe7+ Rxe7 29.Rxc4 Qxc4
30.Rxc4 Rxc4 31.Qg5 Rd7 32.Bf1 Rf4 33.Bb5 Ra7 34.Qd8+ Kg7 35.Qxd6 f6 36.Bd7 Ra1+
37.Kg2 Ra2 38.Qe7+ Kh6 39.Qf8+  1-0